| 000 | 00437nam a2200097Ia 4500 | ||
|---|---|---|---|
| 008 | 180130s9999 xx 000 0 und d | ||
| 245 |
_cAntonio-Torres, David _aConcepts of communication and synchronization in FPGA-based embedded multiprocessor systems |
||
| 260 | _c2015 | ||
| 300 | _aBook title: Embedded systems : high performance systems, applied principles and practice--Acession number C20720; pages 59-84 | ||
| 650 | _aEMBEDDED SYSTEMS | ||
| 999 |
_c353984 _d353984 |
||